Đánh giá và đề xuất giải pháp để đáp ứng tiêu chí môi trường tại xã Phú Sơn, huyện Chợ Lách, tỉnh Bến Tre : Luận văn tốt nghiệp Cao học. Chuyên ngành Quản lý Tài nguyên và Môi trường

Đề tài điều tra hiện trạng thực hiện các nội dung tiêu chí môi trường, đánh giá việc đáp ứng các nội dung trong tiêu chí môi trường so với chỉ tiêu được quy định trong bộ tiêu chí nông thôn mới của tỉnh Bến Tre, đề xuất các giải pháp nh...

Πλήρης περιγραφή

Αποθηκεύτηκε σε:
Λεπτομέρειες βιβλιογραφικής εγγραφής
Κύριος συγγραφέας: Võ, Thị Ngọc Diễm
Μορφή: Βιβλίο
Γλώσσα:Undetermined
Έκδοση: Cần Thơ Trường Đại học Cần Thơ 2015
Θέματα:
Ετικέτες: Προσθήκη ετικέτας
Δεν υπάρχουν, Καταχωρήστε ετικέτα πρώτοι!
Thư viện lưu trữ: Trung tâm Học liệu Trường Đại học Cần Thơ
LEADER 01386nam a2200217Ia 4500
001 CTU_205908
008 210402s9999 xx 000 0 und d
082 |a 363.7 
082 |b D304 
088 |a 60850101 
100 |a Võ, Thị Ngọc Diễm 
245 0 |a Đánh giá và đề xuất giải pháp để đáp ứng tiêu chí môi trường tại xã Phú Sơn, huyện Chợ Lách, tỉnh Bến Tre : 
245 0 |b Luận văn tốt nghiệp Cao học. Chuyên ngành Quản lý Tài nguyên và Môi trường 
245 0 |c Võ Thị Ngọc Diễm ; Dương Văn Ni (Cán bộ hướng dẫn) 
260 |a Cần Thơ 
260 |b Trường Đại học Cần Thơ 
260 |c 2015 
520 |a Đề tài điều tra hiện trạng thực hiện các nội dung tiêu chí môi trường, đánh giá việc đáp ứng các nội dung trong tiêu chí môi trường so với chỉ tiêu được quy định trong bộ tiêu chí nông thôn mới của tỉnh Bến Tre, đề xuất các giải pháp nhằm đáp ứng các nội dung của tiêu chí môi trường. 
650 |a Bảo vệ môi trường,Environmental protection 
904 |i Hải 
980 |a Trung tâm Học liệu Trường Đại học Cần Thơ